Pedagogía del aprendizaje profundo / (Registro nro. 33810)
[ vista simple ]
| 000 -LEADER | |
|---|---|
| fixed length control field | 01676nam a2200361 i 4500 |
| 001 - CONTROL NUMBER | |
| control field | 33810 |
| 003 - CONTROL NUMBER IDENTIFIER | |
| control field | Mx-PuUPA |
| 005 - DATE AND TIME OF LATEST TRANSACTION | |
| control field | 20260407135503.0 |
| 008 - FIXED-LENGTH DATA ELEMENTS--GENERAL INFORMATION | |
| fixed length control field | 140415s2022 mx a gr 001 0 spa d |
| 020 ## - INTERNATIONAL STANDARD BOOK NUMBER | |
| International Standard Book Number | 9786071743206 |
| 040 ## - CATALOGING SOURCE | |
| Transcribing agency | Mx-PuUPA |
| Original cataloging agency | Mx-PuUPA |
| Language of cataloging | spa |
| Modifying agency | Mx-PuUPA |
| Description conventions | rda |
| 041 1# - LANGUAGE CODE | |
| Language code of text/sound track or separate title | spa |
| Language code of original | eng |
| 100 1# - MAIN ENTRY--PERSONAL NAME | |
| Personal name | Fullan, Michael, |
| Dates associated with a name | 1940- |
| Relator term | autor |
| 9 (RLIN) | 17940 |
| 240 10 - UNIFORM TITLE | |
| Uniform title | Deep learning : engage the world, change the world. |
| Language of a work | Español |
| 245 10 - TITLE STATEMENT | |
| Title | Pedagogía del aprendizaje profundo / |
| Statement of responsibility, etc. | Michael Fullan, Joanne Quinn, Joanne McEachen ; traducción Samantha Barocio Rocha |
| 250 ## - EDITION STATEMENT | |
| Edition statement | Primera edición en español / |
| Remainder of edition statement | agosto |
| 264 #1 - PRODUCTION, PUBLICATION, DISTRIBUTION, MANUFACTURE, AND COPYRIGHT NOTICE | |
| Place of production, publication, distribution, manufacture | Ciudad de México : |
| Name of producer, publisher, distributor, manufacturer | Editorial Trillas, |
| Date of production, publication, distribution, manufacture, or copyright notice | 2022 |
| 300 ## - PHYSICAL DESCRIPTION | |
| Extent | 208 páginas : |
| Other physical details | ilustraciones (blanco y negro) ; |
| Dimensions | 24 cm |
| 336 ## - CONTENT TYPE | |
| Fuente | rdacontent |
| Content type term | texto |
| Content type code | txt |
| 337 ## - MEDIA TYPE | |
| Source | rdamedia |
| Media type term | sin medio |
| Media type code | n |
| 338 ## - CARRIER TYPE | |
| Source | rdacarrier |
| Carrier type term | volumen |
| Carrier type code | nc |
| 650 #7 - SUBJECT ADDED ENTRY--TOPICAL TERM | |
| Source of heading or term | armarc |
| Topical term or geographic name entry element | Planificación educativa |
| General subdivision | Educación |
| -- | Evaluación de programas |
| 650 #7 - SUBJECT ADDED ENTRY--TOPICAL TERM | |
| Source of heading or term | armarc |
| Topical term or geographic name entry element | Métodos de enseñanza |
| General subdivision | Motivación |
| -- | Profesores |
| 700 1# - ADDED ENTRY--PERSONAL NAME | |
| Personal name | Quinn, Joanne, |
| Relator term | autor |
| 700 1# - ADDED ENTRY--PERSONAL NAME | |
| Personal name | McEachen, Joanne, |
| Relator term | autor |
| 700 1# - ADDED ENTRY--PERSONAL NAME | |
| Personal name | Barocio Rocha, Samantha, |
| Relator term | traductor |
| 765 1# - ORIGINAL LANGUAGE ENTRY | |
| Main entry heading | Fullan, Michael |
| Title | Deep learning : engage the world, change the world |
| International Standard Book Number | 9781506368580 |
| 942 ## - ADDED ENTRY ELEMENTS (KOHA) | |
| Source of classification or shelving scheme | Dewey Decimal Classification |
| Koha item type | Libro |
| Classification part | 371.3 |
| Item part | F6218 |
| Withdrawn status | Lost status | Source of classification or shelving scheme | Damaged status | Not for loan | Collection code | Home library | Current library | Shelving location | Date acquired | Source of acquisition | Cost, normal purchase price | Total Checkouts | Full call number | Barcode | Date last seen | Cost, replacement price | Price effective from | Koha item type | Copy number |
|---|---|---|---|---|---|---|---|---|---|---|---|---|---|---|---|---|---|---|---|
| Dewey Decimal Classification | General | Biblioteca Karol Wojtyla | Biblioteca Karol Wojtyla | Sala general | 18/03/2026 | 1 | 360.00 | 371.3 F6218 2022 | 106370 | 07/04/2026 | 360.00 | 18/03/2026 | Libro | ||||||
| Dewey Decimal Classification | General | Biblioteca Karol Wojtyla | Biblioteca Karol Wojtyla | Sala general | 18/03/2026 | 1 | 360.00 | 371.3 F6218 2022 | 106371 | 07/04/2026 | 360.00 | 18/03/2026 | Libro | Ej.2 |